ESSENTIALS OF EXERCISE PHYSIOLOGY (Record no. 8416)

MARC details
000 -LEADER
fixed length control field 00505nam a22001817a 4500
005 - DATE AND TIME OF LATEST TRANSACTION
control field 20230906103704.0
008 - FIXED-LENGTH DATA ELEMENTS--GENERAL INFORMATION
fixed length control field 230906b |||||||| |||| 00| 0 eng d
020 ## - INTERNATIONAL STANDARD BOOK NUMBER
ISBN 978-1-4963-0909-9
041 ## - LANGUAGE CODE
Language code of text/sound track or separate title eng
082 ## - DEWEY DECIMAL CLASSIFICATION NUMBER
Classification number 612.044
100 ## - MAIN ENTRY--AUTHOR NAME
Personal name McARDLE, WILLIAM D. AND KATCH, FRANK L. & KATCH, VICTOR L
245 ## - TITLE STATEMENT
Title ESSENTIALS OF EXERCISE PHYSIOLOGY
250 ## - EDITION STATEMENT
Edition statement 5TH ED, 2016
260 ## - PUBLICATION, DISTRIBUTION, ETC. (IMPRINT)
Place of publication PHILADELPHIA
Name of publisher WOLTERS KLUWER
Year of publication 2016
300 ## - PHYSICAL DESCRIPTION
Number of Pages 702, P
650 ## - SUBJECT ADDED ENTRY--TOPICAL TERM
Topical Term PHYSIOTHERAPY
942 ## - ADDED ENTRY ELEMENTS (KOHA)
Koha item type Books
Holdings
Lost status Damaged status Collection code Home library Current library Shelving location Date acquired Source of acquisition Cost, normal purchase price Serial Enumeration / chronology Full call number Accession Number Koha item type
    PHYSIOTHERAPY JRU Library JRU Library SHELF-20-B 06/09/2023 PURCHASE [LBI] 10995.00 5TH ED. 612.044 27965 Books
    PHYSIOTHERAPY JRU Library JRU Library SHELF-20-B 06/09/2023 PURCHASE [LBI] 10995.00 5TH ED. 612.044 27966 Books